[Event "Dortmund ABC Serie B-24"]
[Site "Dortmund"]
[Date "2005.12.10"]
[Round "12"]
[White "Ruchay, Dieter"]
[Black "Skoecz, Horst"]
[Result "0-1"]
[WhiteElo "1485"]
[BlackElo "1421"]
[PlyCount "119"]
[EventDate "2005.10.12"]
[EventType "tourn"]
[EventRounds "13"]
[EventCountry "GER"]
[SourceTitle "EXT 2007"]
[Source "ChessBase"]
[SourceDate "2006.11.23"]
[SourceVersion "1"]
[SourceVersionDate "2006.11.23"]
[SourceQuality "1"]

1. Nf3 e6 2. d4 c5 3. dxc5 Bxc5 4. c4 Qb6 5. e3 Nf6 6. Bd3 Na6 7. a3 Qa5+ 8. Bd2 Qd8 9. b4 Be7 10. 0-0 b6 11. Bc3 Bb7 12. Nbd2 Rc8 13. Rc1 d6 14. Qa4+ Kf8 15. c5 Nc7 16. cxd6 Bxd6 17. Be2 a6 18. Qb3 Ncd5 19. Bb2 b5 20. Rxc8 Qxc8 21. Rc1 Qb8 22. g3 Nb6 23. Bxf6 gxf6 24. Qc3 Nd5 25. Qc2 Ke7 26. Qd3 Nb6 27. Ne4 Bd5 28. Nxd6 Qxd6 29. Rd1 f5 30. Qd4 f6 31. Qh4 Qd8 32. Ne5 Qa8 33. Qd4 Qb8 34. Qc5+ Qd6 35. Nd3 Qxc5 36. Nxc5 Ra8 37. Rc1 Bc4 38. Kf1 Bxe2+ 39. Kxe2 Nc4 40. Rc3 a5 41. Rd3 Ra7 42. f3 axb4 43. axb4 Ra2+ 44. Kd1 Nb2+ 45. Kc2 Nxd3+ 46. Kxd3 e5 47. h3 h5 48. g4 hxg4 49. hxg4 fxg4 50. fxg4 Rg2 51. g5 f5 52. Nb3 Rxg5 53. Nd2 Kd6 54. Kc3 Rg3 55. Kd3 Kd5 56. Ke2 Rg2+ 57. Kd3 e4+ 58. Kc3 Re2 59. Nf1 Re1 60. Nd2 0-1

[Event "Dortmund ABC Serie B-24"]
[Site "Dortmund"]
[Date "2005.12.07"]
[Round "11"]
[White "Thavarajah, Sutharjan"]
[Black "Ruchay, Dieter"]
[Result "1/2-1/2"]
[WhiteElo "1351"]
[BlackElo "1485"]
[PlyCount "109"]
[EventDate "2005.10.12"]
[EventType "tourn"]
[EventRounds "13"]
[EventCountry "GER"]
[SourceTitle "EXT 2007"]
[Source "ChessBase"]
[SourceDate "2006.11.23"]
[SourceVersion "1"]
[SourceVersionDate "2006.11.23"]
[SourceQuality "1"]

1. d4 d5 2. Nf3 Nf6 3. e3 Bg4 4. c4 e6 5. Nc3 c6 6. Be2 dxc4 7. Bxc4 Be7 8. 0-0 0-0 9. Be2 Nbd7 10. Nh4 Bxe2 11. Qxe2 Nd5 12. Nf3 Qc7 13. Nxd5 exd5 14. Bd2 Nf6 15. Rfd1 Bd6 16. h3 Rfe8 17. Bc3 Re7 18. a3 Rae8 19. Rac1 Ne4 20. Nd2 Nxc3 21. Rxc3 f5 22. Re1 f4 23. Nf3 fxe3 24. Rxe3 Rxe3 25. fxe3 Qe7 26. Kf2 Rf8 27. e4 Qh4+ 28. Kg1 Qxe4 29. Qxe4 dxe4 30. Rxe4 h6 31. Re6 Bf4 32. Re7 Rf7 33. Re8+ Rf8 34. Re7 Rf7 35. Re8+ Kh7 36. Kf2 Bc1 37. Re2 Bg5 38. Kg3 Bf6 39. b3 Rd7 40. b4 Bxd4 41. Nxd4 Rxd4 42. Re3 Rd7 43. Kf2 b6 44. Ke2 c5 45. bxc5 bxc5 46. Rc3 Rc7 47. Kd3 g5 48. Kc4 Kg6 49. g4 h5 50. Kd5 hxg4 51. hxg4 Kf6 52. Rf3+ Ke7 53. Rc3 c4 54. Rxc4 Rxc4 55. Kxc4 1/2-1/2

[Event "Dortmund ABC Serie A-23"]
[Site "Dortmund"]
[Date "2005.05.18"]
[Round "8"]
[White "Grawe, Herbert"]
[Black "Ruchay, Dieter"]
[Result "1-0"]
[WhiteElo "1474"]
[BlackElo "1426"]
[PlyCount "65"]
[EventDate "2005.04.13"]
[EventType "tourn"]
[EventRounds "13"]
[EventCountry "GER"]
[SourceTitle "EXT 2007"]
[Source "ChessBase"]
[SourceDate "2006.11.23"]
[SourceVersion "1"]
[SourceVersionDate "2006.11.23"]
[SourceQuality "1"]

1. d4 d5 2. e4 dxe4 3. Nc3 Nf6 4. f3 exf3 5. Nxf3 Bf5 6. Bc4 Nc6 7. a3 e6 8. 0-0 Bg4 9. Ne2 Be7 10. c3 0-0 11. b4 Nd5 12. Bd3 Bxf3 13. Rxf3 Bg5 14. Bxg5 Qxg5 15. Rg3 Qe7 16. Qc2 f5 17. Qd2 Rae8 18. Re1 Qf7 19. c4 Nf6 20. b5 Nb8 21. Nf4 Re7 22. Rge3 Ne4 23. Qb4 g5 24. Nh3 c5 25. dxc5 Qf6 26. Bxe4 fxe4 27. Qd2 Ref7 28. Qe2 Nd7 29. c6 bxc6 30. bxc6 Nc5 31. Nxg5 Rc7 32. Nxe4 Rxc6 33. Nxf6+ 1-0

[Event "Dortmund ABC Serie A-23"]
[Site "Dortmund"]
[Date "2005.05.13"]
[Round "7"]
[White "Ruchay, Dieter"]
[Black "Thavarajah, Sutharjan"]
[Result "0-1"]
[WhiteElo "1426"]
[BlackElo "1336"]
[PlyCount "68"]
[EventDate "2005.04.13"]
[EventType "tourn"]
[EventRounds "13"]
[EventCountry "GER"]
[SourceTitle "EXT 2007"]
[Source "ChessBase"]
[SourceDate "2006.11.23"]
[SourceVersion "1"]
[SourceVersionDate "2006.11.23"]
[SourceQuality "1"]

1. Nf3 d5 2. d4 Nf6 3. g3 e6 4. Bg2 Bd6 5. 0-0 0-0 6. Bg5 Nbd7 7. Nbd2 c6 8. c4 h6 9. Bxf6 Qxf6 10. Rc1 Re8 11. Re1 Bc7 12. Qc2 Nb6 13. e3 Qe7 14. cxd5 exd5 15. a3 Bg4 16. h3 Be6 17. e4 Qd7 18. Kh2 dxe4 19. Rxe4 Bf5 20. Rxe8+ Rxe8 21. Qc3 Re2 22. Re1 Rxf2 23. Qe3 Rxg2+ 24. Kxg2 Bxh3+ 25. Kh2 Bxg3+ 26. Kg1 Bxe1 27. Nxe1 Nd5 28. Qf3 Qg4+ 29. Kf2 Qxd4+ 30. Kg3 Qxd2 31. Nd3 Be6 32. b4 Qe3 33. Nc5 Qxf3+ 34. Kxf3 Bc8 0-1

[Event "Dortmund ABC Serie A-23"]
[Site "Dortmund"]
[Date "2005.04.13"]
[Round "1"]
[White "Ruchay, Dieter"]
[Black "Gennat, Egon Leopold"]
[Result "1-0"]
[WhiteElo "1426"]
[BlackElo "1286"]
[PlyCount "119"]
[EventDate "2005.04.13"]
[EventType "tourn"]
[EventRounds "13"]
[EventCountry "GER"]
[SourceTitle "EXT 2007"]
[Source "ChessBase"]
[SourceDate "2006.11.23"]
[SourceVersion "1"]
[SourceVersionDate "2006.11.23"]
[SourceQuality "1"]

1. Nf3 Nf6 2. d4 e6 3. c4 d5 4. e3 c5 5. cxd5 Nxd5 6. dxc5 Bxc5 7. Bb5+ Bd7 8. Bxd7+ Nxd7 9. Bd2 Rc8 10. Nc3 N7f6 11. 0-0 0-0 12. a3 a6 13. Rc1 Re8 14. Qe2 Ba7 15. Rfd1 Re7 16. Nxd5 Nxd5 17. Bc3 Qe8 18. Rd3 Rec7 19. Qd2 b5 20. Rd1 Bb6 21. e4 Nxc3 22. bxc3 Ba5 23. Rd8 Rxd8 24. Qxd8 Kf8 25. Qd6+ Kg8 26. Qxa6 Bxc3 27. Qb6 Rc8 28. Qb7 Rb8 29. Qd7 Bb2 30. Qd6 Qf8 31. Qxf8+ Kxf8 32. Rd3 Rc8 33. Kf1 Rc3 34. Rd8+ Ke7 35. Rb8 Rc5 36. a4 Be5 37. Rxb5 Rxb5 38. axb5 Bc7 39. Ke2 h6 40. Kd3 Kd6 41. Kc4 f6 42. Nd4 Bb6 43. f3 Bc5 44. Nxe6 Bg1 45. Nxg7 Bxh2 46. Nf5+ Ke6 47. Nxh6 Bf4 48. Nf5 Kd7 49. Kd5 Bc7 50. g3 Bb6 51. Nd4 Ba5 52. f4 Be1 53. g4 Bd2 54. e5 Bxf4 55. e6+ Ke8 56. Nf5 Be5 57. Kc6 Kd8 58. b6 Bb8 59. b7 Ba7 60. e7+ 1-0

[Event "Dortmund ABC Serie A-22"]
[Site "Dortmund"]
[Date "2004.12.03"]
[Round "13"]
[White "Zaremba, Joerg"]
[Black "Ruchay, Dieter"]
[Result "1-0"]
[WhiteElo "1450"]
[BlackElo "1374"]
[PlyCount "53"]
[EventDate "2004.10.06"]
[EventType "tourn"]
[EventRounds "13"]
[EventCountry "GER"]
[SourceTitle "EXT 2006"]
[Source "ChessBase"]
[SourceDate "2005.11.24"]
[SourceVersion "1"]
[SourceVersionDate "2005.11.24"]
[SourceQuality "1"]

1. e4 c5 2. f4 Nc6 3. Nf3 d6 4. Bb5 Nf6 5. d3 Qc7 6. Nc3 a6 7. Ba4 b5 8. Bb3 e6 9. a3 Bb7 10. 0-0 Nd4 11. Nxd4 cxd4 12. Ne2 Qb6 13. Bd2 Be7 14. Ng3 Rc8 15. Kh1 Qc7 16. c3 Qc5 17. Rc1 Qb6 18. Qe2 dxc3 19. Bxc3 d5 20. exd5 Nxd5 21. Bxd5 Bxd5 22. Bxg7 Rxc1 23. Rxc1 Kd7 24. Bxh8 f6 25. Ne4 Bxe4 26. dxe4 Qd8 27. Qd3+ 1-0

[Event "Dortmund ABC Serie A-22"]
[Site "Dortmund"]
[Date "2004.10.20"]
[Round "4"]
[White "Mueller, Siegfried"]
[Black "Ruchay, Dieter"]
[Result "1/2-1/2"]
[WhiteElo "1485"]
[BlackElo "1374"]
[PlyCount "95"]
[EventDate "2004.10.06"]
[EventType "tourn"]
[EventRounds "13"]
[EventCountry "GER"]
[SourceTitle "EXT 2006"]
[Source "ChessBase"]
[SourceDate "2005.11.24"]
[SourceVersion "1"]
[SourceVersionDate "2005.11.24"]
[SourceQuality "1"]

1. d4 Nf6 2. c4 d5 3. Nc3 g6 4. Nf3 Bg7 5. Bg5 dxc4 6. e4 0-0 7. Bxc4 c6 8. a3 Bg4 9. Be2 Qc7 10. 0-0 Rd8 11. Rc1 Qb6 12. Na4 Qc7 13. Nc3 Bxf3 14. Bxf3 Nbd7 15. e5 Nxe5 16. Be2 Ned7 17. b4 Re8 18. g3 Rad8 19. Qc2 Qd6 20. Rfd1 Nd5 21. Ne4 Qc7 22. b5 Rc8 23. Qb3 Qb6 24. Nc5 Nxc5 25. dxc5 Qc7 26. Bf3 e6 27. a4 h6 28. Bd2 Qe7 29. Bxd5 cxd5 30. Bb4 Bf8 31. a5 b6 32. axb6 axb6 33. Ba3 bxc5 34. Qc3 Qc7 35. Bb2 d4 36. Rxd4 Bg7 37. Qe3 Qe5 38. Qxe5 Bxe5 39. Rd2 Bxb2 40. Rxb2 Red8 41. b6 Rd5 42. b7 Rb8 43. Ra1 Kg7 44. Ra8 Rdd8 45. Ra5 Rd7 46. Rxc5 Rbxb7 47. Rxb7 Rxb7 48. Kg2 1/2-1/2

[Event "Dortmund ABC Serie A-21"]
[Site "Dortmund"]
[Date "2004.05.21"]
[Round "7"]
[White "Ruchay, Dieter"]
[Black "Grawe, Herbert"]
[Result "0-1"]
[WhiteElo "1434"]
[BlackElo "1422"]
[PlyCount "120"]
[EventDate "2004.04.21"]
[EventType "tourn"]
[EventRounds "11"]
[EventCountry "GER"]
[SourceTitle "EXT 2006"]
[Source "ChessBase"]
[SourceDate "2005.11.24"]
[SourceVersion "1"]
[SourceVersionDate "2005.11.24"]
[SourceQuality "1"]

1. d4 e6 2. Nf3 c5 3. e3 cxd4 4. exd4 a6 5. Bf4 Nf6 6. Nbd2 d6 7. Bg5 Be7 8. Bd3 Nbd7 9. c3 0-0 10. 0-0 h6 11. Bxf6 Nxf6 12. Ne4 b6 13. Nxf6+ Bxf6 14. Be4 d5 15. Bd3 Bb7 16. Re1 Qd6 17. Qc2 Rae8 18. Rad1 b5 19. Ne5 Bd8 20. Bh7+ Kh8 21. Bd3 Bc7 22. g3 Qe7 23. Bf1 Bxe5 24. dxe5 Ba8 25. Bg2 Rc8 26. Qd2 Rfd8 27. Qe3 Rc5 28. Rc1 Rdc8 29. Red1 Qc7 30. a3 a5 31. Rd4 Rb8 32. Rcd1 Re8 33. Bf1 Qb7 34. Bg2 Qe7 35. b3 Qc7 36. Rc1 Rc8 37. c4 a4 38. b4 Rxc4 39. Rdxc4 bxc4 40. Qd4 c3 41. Bf1 c2 42. Bb5 Qc3 43. Qxc3 Rxc3 44. Bxa4 d4 45. Rxc2 Be4 46. Rxc3 dxc3 47. Kf1 c2 48. Bxc2 Bxc2 49. Ke2 Ba4 50. Kd3 f6 51. Kd4 Kg8 52. h4 Kf7 53. f4 Kg6 54. g4 h5 55. f5+ exf5 56. gxf5+ Kxf5 57. exf6 gxf6 58. Kc5 Ke4 59. b5 Bxb5 60. Kxb5 f5 0-1

[Event "Dortmund ABC Serie A-21"]
[Site "Dortmund"]
[Date "2004.04.30"]
[Round "3"]
[White "Krueger, Inge"]
[Black "Ruchay, Dieter"]
[Result "1-0"]
[WhiteElo "1317"]
[BlackElo "1434"]
[PlyCount "113"]
[EventDate "2004.04.21"]
[EventType "tourn"]
[EventRounds "11"]
[EventCountry "GER"]
[SourceTitle "EXT 2006"]
[Source "ChessBase"]
[SourceDate "2005.11.24"]
[SourceVersion "1"]
[SourceVersionDate "2005.11.24"]
[SourceQuality "1"]

1. d4 d5 2. c4 c6 3. cxd5 cxd5 4. Nc3 Nf6 5. Nf3 e6 6. Bg5 Be7 7. e3 a6 8. Bd3 h6 9. Bh4 Nc6 10. a3 b5 11. b4 Bb7 12. 0-0 Rc8 13. Rc1 Nd7 14. Bg3 Bf6 15. Be2 0-0 16. e4 dxe4 17. Nxe4 Be7 18. Nd6 Bxd6 19. Bxd6 Re8 20. Ne5 Ndxe5 21. dxe5 Qg5 22. f4 Qh4 23. Bg4 Qd8 24. Bf3 Qd7 25. Rf2 Red8 26. Rfc2 f6 27. Bxc6 Bxc6 28. Rc3 Qa7+ 29. Kf1 Qb7 30. Qg4 Kf7 31. Qh3 Be4 32. Rc7+ Rxc7 33. Rxc7+ Qxc7 34. Bxc7 Rd3 35. Qh5+ Bg6 36. Qe2 Rxa3 37. Qb2 Rd3 38. Ke2 Rd5 39. g4 Rd3 40. Bb6 Rh3 41. Bg1 Bd3+ 42. Kd2 Bc4 43. Qc2 Ra3 44. Bd4 Rd3+ 45. Qxd3 Bxd3 46. Kxd3 f5 47. h3 g6 48. Bb6 Ke7 49. Kd4 Kd7 50. Kc5 g5 51. fxg5 hxg5 52. gxf5 exf5 53. Kd5 f4 54. e6+ Ke8 55. Bc5 f3 56. Ke4 f2 57. Bxf2 1-0